000 00529nam a2200181Ia 4500
005 20250326143718.0
008 250326s9999 xx 000 0 und d
037 _aTextbook
040 _aFMSL
_beng
_cFMSL
041 _aeng
_2eng
084 _aX:89A P6
_qFMSL
100 _aKrajewski L J
_9319466
245 0 _aOperations managment : processes and value chians
_cKrajewski L J; Ritzman L P Au.
260 _aDelhi
_bDelhi, Pearson
_c2005
300 _a718p
942 _cTB
_hX:89A P6
999 _c1300695
_d1300695